000 01039nmm a2200289 a 4500
001 ocm000584504
003 TR-IsHL
005 20201028122609.0
008 131028s2011 tu tur
007 cr cn
020 _a9786055614799
035 _a584504
_b(N$T)
050 0 4 _aKKX3800
_b.Ö94 2011
090 0 4 _aKKX3800
_b.Ö94 2011
245 1 0 _aÖzel yetkili mahkemeler (cmk m. 250) paneli, Aralık 2010, Ankara
_h[electronic resource] /
_cTürkiye Barolar Birliği
260 _aAnkara :
_bTürkiye Barolar Birliği,
_c2011
300 _a109 p.
650 4 _aHukuk
650 4 _aLaw
650 0 _aÖzel Yetkili Mahkemeler
_x Türkiye
650 0 _aPrivate Authorized Courts
_x Turkey
650 0 _aÖzel Yetkili Mahkemeler
_x Kurallar ve uygulama
_x Türkiye
650 0 _aPrivate Authorized Courts
_x Rules and enforcement
_x Turkey
650 7 _aLAW / Courts
_2bisacsh
700 1 _aTürkiye Barolar Birliği
856 4 0 _uhttp://search.ebscohost.com/login.aspx?direct=true&scope=site&db=e011xww&AN=584504
999 _c1954
_d1954